| 000 | 00375nam a2200145Ia 4500 | ||
|---|---|---|---|
| 008 | 230917s9999||||xx |||||||||||||| ||und|| | ||
| 040 |
_e100386 _aMAIN |
||
| 041 | _aEnglish | ||
| 082 | _a658.3 S55H | ||
| 100 | _aSen, Aloke K | ||
| 245 | 0 | _aHuman Resource: Development, planning and deployment | |
| 260 |
_aNew Delhi _bAsian Books _c2003 |
||
| 300 | _a265 p. | ||
| 942 | _cBK | ||
| 999 |
_c110720 _d110720 |
||